| 000 | 00510nam a22001577a 4500 | ||
|---|---|---|---|
| 999 |
_c535620 _d535620 |
||
| 020 | _qHard Cover. | ||
| 082 | _a621.3 | ||
| 100 | _aMuhammad Umair Arif. | ||
| 245 |
_aOnline Global Learning in Direct Fuzzy Controllers / _cMuhammad Umair Arif. |
||
| 260 |
_aIslamabad: _bPNEC NUST, _c2013. |
||
| 300 |
_a65 p. : _bill. ; _c30cm. |
||
| 942 |
_2ddc _cTHE |
||
| 650 |
_aElectrical Engineering MS-Thesis. _916073 |
||
| 700 |
_aDr. Muhammad Bilal Kadri _929939 |
||